| 000 | 00565cam a2200193 i 4500 | ||
|---|---|---|---|
| 001 | 49348 | ||
| 005 | 20230410132613.0 | ||
| 008 | 071109b1966 fr a 000 0 fre | ||
| 041 | 0 | _afre | |
| 050 | 1 | 4 |
_aPR 6013 _bG799co 1966 |
| 100 | 1 |
_aGreene, Graham, _d1904-1991 |
|
| 245 | 1 | 4 |
_aLes comédiens : _broman / _cGraham Greene ; traduit de l'anglais par Marcelle Sibon. |
| 260 |
_aParis : _bLaffont , _c1966 |
||
| 300 |
_a446 p. ; _c17 cm. |
||
| 500 | _aTranslation of The comedians. | ||
| 650 | 4 | _aCEH | |
| 650 | 4 | _aColección Estudios Haitianos | |
| 942 |
_2lcc _cbk |
||
| 999 |
_c84498 _d84498 |
||